[Event "CZE-ch Open 2018"]
[Site "Ostrava"]
[Date "2018.05.04"]
[Round "7"]
[White "Lechtynsky, Jiri"]
[Black "Gnida, Patrik"]
[Result "1-0"]
[WhiteElo "2349"]
[BlackElo "2165"]
[Annotator "TA"]
[PlyCount "123"]
[EventDate "2018.??.??"]
[EventCountry "CZE"]
[SourceTitle "playchess.com"]
[Source "ChessBase"]
[SourceQuality "1"]

{[%evp 20,123,41,37,57,25,40,12,36,15,67,53,183,79,75,77,154,145,231,8,8,8,5,10,16,16,27,27,28,35,27,27,82,79,126,123,110,83,155,166,148,135,153,137,135,128,187,181,164,127,139,113,165,145,123,141,140,139,170,161,149,145,144,122,124,47,47,37,47,0,23,27,112,56,208,196,261,151,208,141,216,193,376,264,347,353,611,604,529,584,614,602,727,718,1801,1702,1556,1471,2128,2151,29973,29974,29974,29974,29971,29972]} 1. Nf3 c5 2. c4 Nc6 3. e3 Nf6 4. Nc3 g6 5. d4 cxd4 6. exd4 d5 7. cxd5 Nxd5 8. Bc4 Nxc3 9. Qb3 e6 10. bxc3 Bg7 11. Ba3 {LiveBook: 69 Games. Strongly threatening d5. A35: Symmetrical English: 2 Nc3 Nc6 3 Nf3} Bd7 (11... Na5 12. Bb5+ Bd7 13. Qa4 Nc6 14. Qb3 Na5 15. Qb4 b6 16. Ne5 Bxe5 17. dxe5 Bxb5 18. Qxb5+ Qd7 19. Qxd7+ Kxd7 {½-½ (31) Bluebaum,M (2643)-Lupulescu,C (2620) Germany 2018}) 12. Bd3 ({Not} 12. Qxb7 $2 Rb8 $19) 12... Na5 13. Qb2 $146 {White is slightly better.} ({Predecessor:} 13. Qc2 Bf8 {½-½ (13) Golovach,V (2156)-Ledakov,A (2197) Yuzhny 2009}) 13... Bc6 14. O-O Qd5 (14... Bxf3 $11 15. gxf3 a6) 15. Qe2 b5 (15... Qh5 $14) 16. Rab1 (16. Bb4 $1 $18 {[%cal Rb4a5] is more deadly.} Nc4 17. a4 $1 {[%mdl 512]}) 16... a6 17. Rfe1 g5 (17... Nc4 $142 18. Bxc4 Qxc4) 18. h3 h5 (18... h6 $16 19. Bb4 Nc4) 19. Be4 $2 (19. Qc2 $1 $18) 19... Qxe4 $11 20. Qxe4 Bxe4 21. Rxe4 Nc4 22. Bc5 Bf8 23. a4 ({Much worse is} 23. Nxg5 Bxc5 24. dxc5 Nd2 $17) 23... g4 24. hxg4 hxg4 25. Rxg4 f5 (25... bxa4 $11 {keeps the balance.} 26. Bxf8 Kxf8) 26. Rf4 $1 $16 Bxc5 27. dxc5 Kd7 28. Rd1+ Kc7 (28... Ke7 $142) 29. axb5 axb5 30. Nd4 e5 31. Ne6+ ({But not} 31. Nxb5+ $6 Kc6 $14) 31... Kc6 32. Rxf5 {Rf6 is the strong threat.} Rh6 33. Nd8+ $1 Kxc5 {...Nb2 would now be nice for Black.} 34. Nf7 Re6 35. Ng5 Rh6 (35... Rg6 $16 36. g3 Kc6) 36. Ne4+ Kc6 37. g3 Ra2 38. Re1 Re6 39. Ng5 Re7 40. Rf6+ Kd5 41. Ne4 Rea7 {And now ...Ra1 would win.} 42. Kg2 ({White should try} 42. Rf8 $16) 42... Ra1 $1 $14 {[%cal Ra1e1]} 43. Rxa1 Rxa1 {[%mdl 4096] Endgame KRN-KRN} 44. f3 {aiming for g4.} Ne3+ $1 45. Kh2 Kc4 (45... Ng4+ $11 {remains equal.} 46. fxg4 Kxe4) 46. Rd6 ({Better is} 46. g4 $16) 46... Rd1 $2 (46... Rc1 $14) 47. Rc6+ $18 Kb3 {[#]} (47... Kd5 $142 48. Rc5+ Ke6 49. Rxb5 Re1) 48. Re6 (48. g4 $1 $18) 48... Nc4 $16 49. Kh3 Kc2 {[#]} (49... Rf1 $16) 50. g4 $1 $18 {[%cal Bg3g4,Bg4g5,Bg5g6][%mdl 32]} Rg1 $2 (50... Re1 51. Ra6 Ne3) 51. Kh2 Ra1 52. g5 Kd3 $2 (52... Ra7 53. Kg3 Rg7) 53. g6 Ra7 54. Kg3 Rg7 55. Kg4 Ke3 56. Rf6 Nd2 57. Nxd2 Kxd2 58. Kf5 Kxc3 59. Kxe5 b4 60. Rc6+ {White mates.} Kd3 61. Kf6 Rb7 62. g7 {Precision: White = 54%, Black = 29%.} 1-0

[Event "CZE-ch Open 2018"]
[Site "Ostrava"]
[Date "2018.05.04"]
[Round "7"]
[White "Hausner, Ivan"]
[Black "Miesbauer, Jan"]
[Result "1/2-1/2"]
[WhiteElo "2334"]
[BlackElo "2261"]
[Annotator "NA"]
[PlyCount "105"]
[EventDate "2018.??.??"]
[EventCountry "CZE"]
[SourceTitle "playchess.com"]
[Source "ChessBase"]
[SourceQuality "1"]
[TimeControl "40/5400+30:900+30"]

1. d4 {[%emt 0:00:00]} e6 {[%emt 0:00:22]} 2. g3 {[%emt 0:00:43]} c5 {[%emt 0:00:47]} 3. Nf3 {[%emt 0:00:05]} b6 {[%emt 0:00:57]} 4. e4 {[%emt 0:00:24] A43: Schmid Benoni} (4. Bg2 Bb7 5. O-O Nf6 6. c4 cxd4 7. Qxd4 Be7 8. Nc3 d6 9. Bg5 O-O 10. Rfd1 h6 11. Bxf6 Bxf6 12. Qf4 Qe7 13. Qxd6 Qxd6 14. Rxd6 Na6 15. Rc1 Rfd8 16. Rcd1 Rxd6 17. Rxd6 {½-½ (61) Gustafsson,J (2634)-Shabalov,A (2577) New York 2011}) 4... cxd4 {[%emt 0:01:29]} 5. Nxd4 {[%emt 0:00:06]} Bb7 {[%emt 0:00:17]} 6. Bg2 {[%emt 0:00:11]} Nf6 {[%emt 0:01:42]} 7. Nc3 {[%emt 0:00:30]} Bb4 {[%emt 0:03:29]} 8. Bg5 {[%emt 0:00:07]} h6 {[%emt 0:02:06]} 9. Bxf6 $146 {[%emt 0:00:09]} ({Predecessor:} 9. Bf4 Bxe4 10. Bxe4 Nxe4 11. Qd3 Nxc3 12. bxc3 Bc5 13. O-O Nc6 14. Bd6 Bxd6 {0-1 (14) Hulse,D (1173)-Garcia,A (1046) IECC email 2004}) 9... Qxf6 {[%emt 0:04:00]} 10. O-O {[%emt 0:01:49]} Nc6 {[%emt 0:07:57]} 11. Ndb5 {[%emt 0:00:44]} Qe5 {[%emt 0:12:34]} 12. f4 {[%emt 0:02:47]} Qc5+ {[%emt 0:01:24]} 13. Kh1 {[%emt 0:00:15]} O-O {[%emt 0:08:13]} 14. a3 {[%emt 0:00:11]} Bxc3 {[%emt 0:00:12]} 15. Nxc3 {[%emt 0:00:05]} d6 {[%emt 0:01:20]} 16. Qd3 {[%emt 0:08:19]} Rfd8 {[%emt 0:04:46]} 17. b4 {[%emt 0:01:59]} Qd4 {[%emt 0:02:27]} 18. Rfd1 {[%emt 0:06:32]} Qxd3 {[%emt 0:02:11]} 19. Rxd3 {[%emt 0:00:06]} e5 {[%emt 0:00:26]} 20. Nd5 {[%emt 0:00:13]} Kf8 {[%emt 0:04:50]} 21. Rad1 {[%emt 0:00:53]} Rac8 {[%emt 0:02:10]} 22. Bh3 {[%emt 0:04:38]} Rb8 {[%emt 0:00:12]} 23. Bg2 {[%emt 0:00:18]} Ba6 {[%emt 0:13:41]} 24. R3d2 {[%emt 0:01:39]} Bb7 {[%emt 0:03:10]} 25. Ne3 {[%emt 0:08:46]} Nd4 {[%emt 0:01:34]} 26. c3 {[%emt 0:01:29]} Nb5 {[%emt 0:01:36]} 27. Rd3 {[%emt 0:01:01]} Rbc8 {[%emt 0:00:36]} 28. Rc1 {[%emt 0:04:39]} g6 {[%emt 0:04:11]} 29. a4 {[%emt 0:03:58]} Nd4 {[%emt 0:00:32]} 30. Re1 {[%emt 0:02:28]} Ne6 {[%emt 0:01:06]} 31. Nd5 {[%emt 0:04:08]} exf4 {[%emt 0:02:27]} 32. Nxf4 {[%emt 0:00:07]} Nxf4 {[%emt 0:02:12]} 33. gxf4 {[%emt 0:00:04]} a5 {[%emt 0:00:14]} 34. Kg1 {[%emt 0:01:34]} axb4 {[%emt 0:01:52]} 35. cxb4 {[%emt 0:00:10]} Rc4 {[%emt 0:00:18]} 36. e5 {[%emt 0:01:28]} Bxg2 {[%emt 0:00:26]} 37. Kxg2 {[%emt 0:00:05]} d5 {[%emt 0:03:19]} 38. e6 {[%emt 0:00:22]} Re8 {[%emt 0:00:21]} 39. Rxd5 {[%emt 0:00:16]} Rxe6 {[%emt 0:01:48]} 40. Rxe6 {[%emt 0:00:19]} fxe6 {[%emt 0:15:02]} 41. Rb5 {[%emt 0:15:34]} Rc6 {[%emt 0:00:40]} (41... Rc2+ $11 {remains equal.} 42. Kf3 Rc6) 42. Kf3 {[%emt 0:00:40]} Ke7 {[%emt 0:00:06]} 43. h4 {[%emt 0:00:43]} Kd6 {[%emt 0:01:50]} 44. a5 {[%emt 0:01:51]} bxa5 {[%emt 0:00:05]} 45. bxa5 {[%emt 0:00:05]} Rc3+ {[%emt 0:00:29]} 46. Kg4 {[%emt 0:00:27]} Ra3 {[%emt 0:00:55]} 47. h5 {[%emt 0:00:56]} Ke7 {[%emt 0:00:51]} 48. hxg6 {[%emt 0:01:03]} Kf6 {[%emt 0:00:16]} 49. Re5 {[%emt 0:00:07]} Ra1 $14 {[%emt 0:01:39]} 50. Kf3 {[%emt 0:03:59]} Ra4 {[%emt 0:00:07]} 51. Ke3 {[%emt 0:00:30]} Ra3+ {[%emt 0:01:27]} 52. Kd2 {[%emt 0:00:11]} Ra4 {[%emt 0:02:20]} 53. Rd5 {Ke5} 1/2-1/2

[Event "CZE-ch Open 2018"]
[Site "Ostrava"]
[Date "2018.05.04"]
[Round "7"]
[White "Michenka, Jozef"]
[Black "Simek, Petr"]
[Result "1/2-1/2"]
[WhiteElo "2328"]
[BlackElo "2378"]
[Annotator "NA"]
[PlyCount "29"]
[EventDate "2018.??.??"]
[EventCountry "CZE"]
[SourceTitle "playchess.com"]
[Source "ChessBase"]
[SourceQuality "1"]
[TimeControl "40/5400+30:900+30"]

1. d4 {[%emt 0:00:00]} g6 {[%emt 0:00:13]} 2. e4 {[%emt 0:00:00]} Bg7 {[%emt 0:00:05]} 3. c4 {[%emt 0:00:01]} c5 {[%emt 0:00:08]} 4. d5 {[%emt 0:00:29]} d6 {[%emt 0:00:07]} 5. h3 {[%emt 0:01:08]} e6 {[%emt 0:00:51]} 6. Nc3 {[%emt 0:00:43]} Ne7 {[%emt 0:00:45]} 7. Bd3 {[%emt 0:01:12]} O-O {[%emt 0:01:02]} 8. Nf3 {[%emt 0:00:25]} a6 {[%emt 0:01:24]} 9. O-O {[%emt 0:01:07] LiveBook: 11 Games} Nd7 {[%emt 0:02:05]} 10. a4 {[%emt 0:02:15]} h6 {[%emt 0:01:04]} 11. Bd2 {[%emt 0:29:07]} Qc7 {[%emt 0:13:43]} 12. Re1 {[%emt 0:25:49]} e5 {[%emt 0:13:21]} 13. Nh4 {[%emt 0:04:00]} f5 {[%emt 0:12:41]} 14. exf5 {[%emt 0:03:14]} gxf5 {[%emt 0:01:01]} 15. f4 $14 {[%emt 0:03:45]} (15. Qc2 $16) 1/2-1/2

[Event "CZE-ch Open 2018"]
[Site "Ostrava"]
[Date "2018.05.04"]
[Round "7"]
[White "Mikes, Jan"]
[Black "Malinovsky, Karel"]
[Result "1-0"]
[WhiteElo "2321"]
[BlackElo "2481"]
[Annotator "TA"]
[PlyCount "69"]
[EventDate "2018.??.??"]
[EventCountry "CZE"]
[SourceTitle "playchess.com"]
[Source "ChessBase"]
[SourceQuality "1"]

{[%evp 21,69,-10,-15,-9,0,0,0,0,0,0,0,0,0,0,0,0,0,0,180,145,414,405,409,407,414,402,412,405,405,398,410,410,393,388,391,385,688,677,669,667,681,674,721,724,723,720,779,774,1519,1417]} 1. e4 e5 2. Nf3 Nc6 3. d4 exd4 4. Nxd4 Bc5 5. Nb3 Bb6 6. Nc3 Nf6 7. Qe2 {C45: Scotch Game} O-O 8. Bg5 h6 9. Bh4 a5 {[%cal Ba7a5,Ba5a4,Ba4a3,Ba3b2][%mdl 32]} 10. O-O-O a4 11. Nd2 a3 {LiveBook: 3 Games} 12. e5 $1 {[%cal Re5f6]} axb2+ 13. Kb1 $1 {[#]} Bd4 $146 ({Predecessor:} 13... Nd5 14. Nxd5 Qxh4 15. Ne4 d6 16. Ndf6+ gxf6 {1-0 (36) Vallejo Pons,F (2695)-Tkachiev,V (2632) Legnica 2013}) 14. Bxf6 gxf6 15. Qg4+ Kh8 {aiming for ...d5.} 16. Qh4 Kg7 $1 (16... Bxc3 $2 17. Qxh6+ Kg8 18. Bd3 $18) 17. Qg4+ $40 {[%mdl 128] White mounts an attack.} Kh8 18. Qf4 {Intending Bd3 and mate.} Kg7 $1 (18... Bxc3 $2 19. Qxh6+ Kg8 20. Bd3 $18) 19. Nde4 fxe5 $2 (19... Bxe5 $11 20. Qg4+ Kh7 21. Qf5+ Kg8 22. Qg4+ Kh8) 20. Qg4+ $1 $18 Kh7 $2 {[%mdl 8192]} (20... Kh8 $16 21. Qh5 Kh7 22. Qf5+ Kg7 23. Qg4+ Kh8) 21. Qf5+ Kg7 {[#]} 22. Rd3 $1 {[%cal Rd3g3] Threatening mate with Rg3+.} Rh8 {Hoping for ...d6.} ({But not} 22... d5 $2 23. Rg3+ Kh8 24. Qh5 $18) 23. Rg3+ Kf8 {[#] White must now prevent ...d6.} 24. Qg4 $1 {[%cal Rg4g7]} d5 ({Avoid the trap} 24... Ke8 $2 25. Qg7 $18) 25. Qg7+ Ke7 26. Qf6+ Kd7 27. Qxf7+ Ne7 {...Rf8 is the strong threat.} 28. Nxd5 {White threatens Bb5+ and mate.} c6 $2 (28... Qf8 29. Qg7 Qxg7 30. Rxg7 Re8 31. Ndf6+ Kd8) 29. Rg6 {[%csl Ge4][%cal Rg6d6] White is clearly winning.} cxd5 30. Rd6+ Kc7 31. Rxd8 Rxd8 32. Bb5 dxe4 33. Qxe7+ Bd7 {[#]} 34. c3 $1 {[%mdl 512]} Bxf2 (34... Bxc3 35. Bxd7) 35. Rd1 {Precision: White = 100%, Black = 61%.} 1-0

[Event "CZE-ch Open 2018"]
[Site "Ostrava"]
[Date "2018.05.04"]
[Round "7"]
[White "Nedela, Vlastimil"]
[Black "Svatos, Jan"]
[Result "1-0"]
[WhiteElo "2307"]
[BlackElo "2272"]
[Annotator "NA"]
[PlyCount "67"]
[EventDate "2018.??.??"]
[EventCountry "CZE"]
[SourceTitle "playchess.com"]
[Source "ChessBase"]
[SourceQuality "1"]
[TimeControl "40/5400+30:900+30"]

1. Nf3 {[%emt 0:00:00]} d5 {[%emt 0:00:12]} 2. g3 {[%emt 0:00:00]} Nf6 {[%emt 0:00:11]} 3. Bg2 {[%emt 0:00:00]} e6 {[%emt 0:00:37]} 4. O-O {[%emt 0:00:21]} Be7 {[%emt 0:00:07]} 5. d3 {[%emt 0:00:50]} O-O {[%emt 0:00:24]} 6. Nbd2 {[%emt 0:00:18]} b6 {[%emt 0:01:00]} 7. e4 {[%emt 0:00:53]} dxe4 {[%emt 0:01:56]} 8. dxe4 {[%emt 0:00:22]} Bb7 {[%emt 0:00:23]} 9. e5 {[%emt 0:01:03]} Nfd7 {[%emt 0:07:23]} 10. b3 {[%emt 0:19:09]} Qc8 {[%emt 0:05:38]} 11. Qe2 {[%emt 0:05:01]} a5 {[%emt 0:03:03]} 12. Ne4 {[%emt 0:08:30]} h6 {[%emt 0:10:07]} 13. h4 {[%emt 0:11:51]} Nc5 {[%emt 0:10:27]} 14. Nxc5 {[%emt 0:16:07]} Bxc5 {[%emt 0:00:36]} 15. Qc4 {[%emt 0:01:05]} Nd7 {[%emt 0:19:03]} 16. Re1 {[%emt 0:03:29]} Rd8 {[%emt 0:06:22]} 17. Qg4 {[%emt 0:03:27]} Kh8 {[%emt 0:04:48] [#]} (17... Kf8 $14) 18. Qh5 $1 {[%emt 0:02:20]} Kg8 $16 {[%emt 0:00:43]} 19. Bxh6 {[%emt 0:05:02]} gxh6 {[%emt 0:02:39]} 20. Qxh6 {[%emt 0:00:17]} Be7 {[%emt 0:03:21]} 21. Ng5 {[%emt 0:07:11]} Bxg5 {[%emt 0:16:46]} 22. Qxg5+ {[%emt 0:00:40]} Kf8 {[%emt 0:00:20]} 23. h5 {[%emt 0:00:29]} Ke8 {[%emt 0:00:03]} 24. h6 {[%emt 0:06:28]} Nf8 {[%emt 0:00:10]} 25. Be4 {[%emt 0:02:07]} Bxe4 {[%emt 0:05:55]} 26. Rxe4 {[%emt 0:00:02]} Ng6 {[%emt 0:00:09]} 27. Qf6 {[%emt 0:00:24]} Qb7 {[%emt 0:00:35]} 28. Rg4 {[%emt 0:01:09]} Rd5 {[%emt 0:00:24]} 29. Rxg6 {[%emt 0:01:18]} fxg6 {[%emt 0:00:05]} 30. Qxe6+ {[%emt 0:00:06]} Kf8 {[%emt 0:00:33]} 31. Qf6+ Ke8 32. h7 {[%emt 0:01:54]} Kd7 {[%emt 0:00:07]} 33. e6+ {[%emt 0:02:27]} Kc6 {[%emt 0:00:06]} 34. e7+ {[%emt 0:00:23]} 1-0

[Event "CZE-ch Open 2018"]
[Site "Ostrava"]
[Date "2018.05.04"]
[Round "7"]
[White "Tuma, Jiri"]
[Black "Bures, Jaroslav"]
[Result "0-1"]
[WhiteElo "2296"]
[BlackElo "2407"]
[Annotator "NA"]
[PlyCount "78"]
[EventDate "2018.??.??"]
[EventCountry "CZE"]
[SourceTitle "playchess.com"]
[Source "ChessBase"]
[SourceQuality "1"]
[TimeControl "40/5400+30:900+30"]

1. e4 {[%emt 0:01:15]} c5 {[%emt 0:00:09]} 2. b4 {[%emt 0:00:09]} cxb4 {[%emt 0:00:09]} 3. a3 {[%emt 0:00:10]} e5 {[%emt 0:00:04]} 4. Nf3 {[%emt 0:02:40] B20: Sicilian: Unusual White 2nd moves} Nc6 {[%emt 0:00:12]} 5. Bc4 {[%emt 0:00:53]} (5. axb4 Bxb4 6. c3 Be7 7. d4 d6 8. Bb5 Bd7 9. Ba3 Nf6 10. O-O {0-1 (22) Perunovic,M (2696)-Bogosavljevic,B (2504) Belgrade 2014}) 5... Nf6 {[%emt 0:00:07]} 6. Ng5 {[%emt 0:01:02]} d5 {[%emt 0:00:06]} 7. exd5 {[%emt 0:00:37]} b5 {[%emt 0:00:07]} 8. Ba2 {[%emt 0:13:42]} Nd4 {[%emt 0:02:45]} 9. c3 {[%emt 0:09:55]} b3 {[%emt 0:05:33]} 10. Bxb3 {[%emt 0:02:23]} Nxb3 {[%emt 0:01:04]} 11. Qxb3 {[%emt 0:00:09]} Qxd5 {[%emt 0:06:10]} 12. Qxd5 {[%emt 0:00:29]} Nxd5 {[%emt 0:00:05]} 13. O-O $146 {[%emt 0:03:48]} f6 {[%emt 0:02:47]} 14. Nf3 {[%emt 0:02:14]} Bd7 {[%emt 0:04:16]} 15. a4 {[%emt 0:13:15]} bxa4 {[%emt 0:00:59]} 16. Ba3 {[%emt 0:00:18]} Rc8 {[%emt 0:12:47]} 17. Bxf8 {[%emt 0:05:16]} Rxf8 {[%emt 0:01:53]} 18. Ra3 {[%emt 0:01:48]} Rf7 {[%emt 0:07:36]} 19. Re1 {[%emt 0:11:46]} Re7 {[%emt 0:02:46]} 20. Ra2 {[%emt 0:06:02]} Bb5 {[%emt 0:02:40]} 21. Na3 {[%emt 0:00:56]} Bd3 {[%emt 0:05:58]} 22. Rea1 {[%emt 0:05:19]} Nb6 {[%emt 0:03:21]} 23. Rb2 {[%emt 0:03:24]} Rd7 {[%emt 0:01:49]} 24. Rb4 {[%emt 0:03:38]} Be2 {[%emt 0:01:52]} 25. Nb1 {[%emt 0:06:20]} Rc4 $19 {[%emt 0:16:13]} 26. Rb2 {[%emt 0:03:19]} Bxf3 {[%emt 0:01:15]} 27. gxf3 {[%emt 0:00:10]} Rf4 {[%emt 0:00:01]} 28. c4 {[%emt 0:01:40]} Nxc4 {[%emt 0:03:32]} 29. Rb8+ {[%emt 0:00:30]} Ke7 {[%emt 0:00:05]} 30. Rxa4 {[%emt 0:00:40]} Nxd2 {[%emt 0:00:30]} 31. Rxf4 {[%emt 0:00:50]} exf4 {[%emt 0:00:03]} 32. Nxd2 {[%emt 0:00:28]} Rxd2 {[%emt 0:00:03]} 33. Rb7+ {[%emt 0:00:42]} Rd7 {[%emt 0:00:03]} 34. Rb4 {[%emt 0:00:23]} g5 {[%emt 0:00:07]} 35. h4 {[%emt 0:00:31]} a5 {[%emt 0:03:01]} 36. Rb5 {[%emt 0:00:42]} Ra7 {[%emt 0:00:07]} 37. hxg5 {[%emt 0:00:17]} a4 {[%emt 0:02:02]} 38. gxf6+ {[%emt 0:00:07]} Kxf6 {[%emt 0:00:05]} 39. Rb6+ {[%emt 0:00:52]} Ke5 {[%emt 0:00:43]} 0-1

[Event "CZE-ch Open 2018"]
[Site "Ostrava"]
[Date "2018.05.04"]
[Round "7"]
[White "Vybiral, Zdenek"]
[Black "Malinovsky, Petr"]
[Result "1-0"]
[WhiteElo "2261"]
[BlackElo "2006"]
[Annotator "NA"]
[PlyCount "85"]
[EventDate "2018.??.??"]
[EventCountry "CZE"]
[SourceTitle "playchess.com"]
[Source "ChessBase"]
[SourceQuality "1"]
[TimeControl "40/5400+30:900+30"]

1. e4 {[%emt 0:00:00]} c5 {[%emt 0:02:31]} 2. Nf3 {[%emt 0:00:00]} g6 {[%emt 0:00:54]} 3. d4 {[%emt 0:01:41]} cxd4 {[%emt 0:00:17]} 4. Nxd4 {[%emt 0:00:11]} Nc6 {[%emt 0:00:07]} 5. c4 {[%emt 0:00:07]} Bg7 {[%emt 0:00:48]} 6. Be3 {[%emt 0:01:36]} Nf6 {[%emt 0:02:50]} 7. Nc3 {[%emt 0:00:18]} O-O {[%emt 0:00:23]} 8. Be2 {[%emt 0:01:15]} d6 {[%emt 0:03:17]} 9. O-O {[%emt 0:20:53]} Bd7 {[%emt 0:02:44]} 10. Nc2 {[%emt 0:06:25]} h6 {[%emt 0:03:49] B38: Sicilian: Maroczy Bind with 5...Bg7 and 7...0-0} (10... Qa5 11. f3 Rfc8 12. Rc1 Ne5 13. b4 Qd8 14. Na3 a5 15. b5 a4 16. Nd5 Nxd5 17. cxd5 Rxc1 18. Qxc1 Qa5 {0-1 (50) Leko,P (2693)-Adhiban,B (2666) Doha 2016}) 11. Qd2 {[%emt 0:01:08]} Kh7 $146 {[%emt 0:00:13]} ({Predecessor:} 11... Rc8 12. Bxh6 Ne5 13. Bxg7 Kxg7 14. Ne3 b5 15. Ned5 Nxd5 16. cxd5 Qb6 17. Rac1 {0-1 (34) Boehm,T (2113)-Kubecka,D (2252) Prague 2005}) 12. f3 {[%emt 0:00:16]} Ne8 {[%emt 0:03:00]} 13. Rab1 {[%emt 0:03:55]} f5 {[%emt 0:01:02]} 14. exf5 {[%emt 0:00:17]} Bxf5 {[%emt 0:00:18]} 15. Bd3 {[%emt 0:05:11]} Bxd3 {[%emt 0:06:43]} 16. Qxd3 {[%emt 0:00:07]} Ne5 {[%emt 0:00:16]} 17. Qe2 {[%emt 0:00:25]} Qc8 {[%emt 0:05:24]} 18. Na3 {[%emt 0:01:09]} Qf5 {[%emt 0:05:28]} 19. Rbd1 {[%emt 0:00:15]} Nf6 {[%emt 0:01:06]} 20. Nab5 {[%emt 0:00:43]} a6 {[%emt 0:06:24]} 21. Nd4 {[%emt 0:00:25]} Qc8 {[%emt 0:00:10]} 22. b3 {[%emt 0:01:00]} Nc6 {[%emt 0:00:24]} 23. Rfe1 {[%emt 0:08:56]} Nxd4 {[%emt 0:04:00]} 24. Bxd4 {[%emt 0:00:11]} e5 {[%emt 0:00:41]} 25. Bf2 {[%emt 0:01:45]} Qe6 {[%emt 0:00:48]} 26. Qd3 {[%emt 0:09:00]} Rad8 {[%emt 0:01:05]} 27. Nd5 {[%emt 0:16:08]} Nxd5 {[%emt 0:02:10]} 28. Qxd5 {[%emt 0:00:07]} Qxd5 {[%emt 0:01:27]} 29. Rxd5 {[%emt 0:00:07]} Rf7 {[%emt 0:06:53]} 30. Red1 {[%emt 0:06:05]} e4 {[%emt 0:02:00]} 31. fxe4 {[%emt 0:00:39]} Rdf8 {[%emt 0:00:09]} 32. Bg3 {[%emt 0:00:49]} Re8 {[%emt 0:03:36] [#]} 33. Re1 $18 {[%emt 0:04:55]} ({Don't take} 33. Bxd6 Rxe4 34. Bc5 Re2 $16) 33... Bc3 {[%emt 0:04:02]} 34. Re2 {[%emt 0:03:16]} Be5 {[%emt 0:02:29]} 35. Bxe5 {[%emt 0:02:40]} dxe5 {[%emt 0:00:09]} 36. Rf2 {[%emt 0:00:05]} Kg7 {[%emt 0:01:57]} 37. Rxf7+ {[%emt 0:01:10]} Kxf7 {[%emt 0:00:01]} 38. Rd7+ {[%emt 0:00:09]} Re7 {[%emt 0:00:21]} 39. Rxe7+ {[%emt 0:00:06]} Kxe7 {[%emt 0:00:08]} 40. Kf2 {[%emt 0:01:26]} Kd6 {[%emt 0:15:05]} 41. b4 {[%emt 0:15:57]} h5 {[%emt 0:05:25]} 42. g4 {[%emt 0:02:10]} Ke6 {[%emt 0:01:17]} 43. gxh5 {[%emt 0:00:00]} 1-0

[Event "CZE-ch Open 2018"]
[Site "Ostrava"]
[Date "2018.05.04"]
[Round "7"]
[White "Jedlicka, Ales"]
[Black "Kolar, Stanislav"]
[Result "0-1"]
[WhiteElo "2238"]
[BlackElo "2091"]
[Annotator "TA"]
[PlyCount "88"]
[EventDate "2018.??.??"]
[EventCountry "CZE"]
[SourceTitle "playchess.com"]
[Source "ChessBase"]
[SourceQuality "1"]

{[%evp 13,88,28,32,-2,11,-3,0,10,8,35,60,75,86,88,89,97,129,133,137,131,142,137,136,127,197,200,330,314,316,292,293,169,243,243,241,222,443,431,500,475,494,308,249,158,173,53,98,0,0,-40,-26,-63,-83,-312,-171,-592,-92,-188,-85,-91,-78,-98,-89,-199,-82,-261,27,0,0,2,35,44,53,27,79,-363,-364]} 1. d4 Nf6 2. Nf3 e6 3. c4 d5 4. Nc3 Be7 5. Bf4 a6 6. e3 O-O 7. cxd5 {D37: Queen's Gambit Declined: 5 Bf4} Nxd5 {LiveBook: 14 Games} 8. Bg3 (8. Nxd5 exd5 9. Bd3 Bb4+ 10. Nd2 Nc6 11. a3 Bd6 12. Bxd6 Qxd6 13. Qc2 g6 14. Rc1 Bd7 {½-½ (40) Wojtaszek,R (2746)-Sokolov,I (2623) Montpellier 2015}) 8... c5 9. Be2 {The position is equal.} Nc6 10. O-O Nxc3 $146 ({Predecessor:} 10... Nf6 11. Rc1 b5 12. dxc5 Bxc5 13. Nxb5 Qb6 14. Nc7 Ra7 15. Qc2 Nd7 16. Ng5 g6 17. Ngxe6 Nb4 18. Qc4 Bxe3 19. fxe3 Qxe3+ 20. Bf2 Rxc7 21. Bxe3 Rxc4 22. Rxc4 {1-0 (22) Carneiro,C (2219)-Videira,A (1769) Lisbon 2006}) 11. bxc3 Qa5 12. Qb3 Rd8 13. a4 cxd4 14. cxd4 Qb4 15. Qa2 Bd6 16. Rab1 Qa5 17. Bxd6 Rxd6 18. Nd2 b5 (18... Rd8 $16 19. Rfc1 Qc7) 19. Bf3 $18 f5 (19... Ra7 {was necessary.} 20. Qb2 Ne7 21. axb5 axb5 22. Qxb5 Qxb5 23. Rxb5 g6) 20. Rfc1 Bb7 21. Nb3 Qb6 22. a5 (22. Nc5 $142) 22... Qa7 (22... Qd8 $142) 23. Nc5 Bc8 24. Nd3 Bd7 $2 (24... Bb7 25. Nc5 Bc8) 25. Qa3 Qc7 26. Nb4 Be8 27. Qc3 Rc8 28. d5 exd5 29. Nxd5 ({Better is} 29. Bxd5+ $18 Kh8 30. Nxa6) 29... Qd8 30. Nb6 (30. Rd1 $16) 30... Rb8 $1 $11 31. Bxc6 Bxc6 32. Qb3+ Kh8 33. f3 $2 {[#]} (33. Rd1 $17 {was called for.}) 33... Qg5 (33... Bxf3 $142 $1 {[%mdl 512]} 34. Rb2 (34. gxf3 {gets mated.} Rd2 35. Rc8 Rxc8 36. Qb4 Qg5+ 37. Qg4 fxg4 38. fxg4 Qxg4+ 39. Kf1 Rf8+ 40. Ke1 Qe2#) 34... Be4) 34. Qc3 $2 (34. Rf1 {is more resistant.}) 34... Rbd8 $2 (34... Bxf3 $19 {[%csl Gf3][%cal Rg5g2]} 35. g3 Rbd8) 35. Rf1 (35. Kh1 $17) 35... Qe7 (35... b4 $19 36. Qe1 Bb5) 36. Qc5 Qe6 $40 {[%mdl 128] Strongly threatening ...Rd2. Black attacks with force.} 37. Rb2 h6 38. Rbf2 {[#]} (38. h3 $17) 38... Rd3 (38... b4 $1 $19 {[%mdl 512] Threatens to win with ...Bb5.} 39. Qc1 (39. Qxb4 Rd1) 39... b3) 39. e4 $2 (39. Re2 $17) 39... f4 $2 (39... fxe4 $19 40. fxe4 Bxe4) 40. h3 (40. Rc2 $5 {[%cal Rc5c6]} Ba8 41. Qc7 $14) 40... Kh7 41. Rc2 Be8 (41... Ba8 $5) 42. Nd5 Qe5 43. Qf8 Qd6 (43... Rd4 $1 $11 {keeps the balance.}) 44. Qf5+ $2 {[%mdl 8192]} (44. Qxd6 $16 {is forced if you want to stay better.} Rxd6 45. Nxf4) 44... Bg6 {Precision: White = 29%, Black = 35%.} 0-1